|
|
|
|
| LEADER |
00000nam a22000007a 4500 |
| 005 |
20120618163734.0 |
| 007 |
cr|||| |||| |
| 008 |
120618s2006 pe |||||s|||| 00||0 spa d |
| 020 |
|
|
|a 9972-224-26-0
|
| 035 |
|
|
|a 6486
|
| 040 |
|
|
|a vLex
|
| 090 |
|
|
|c 3189
|d 3189
|
| 100 |
1 |
|
|a Přez Lled,̤ Juan A.
|
| 245 |
1 |
3 |
|a La enseąnza del Derecho
|h [Recurso electrn̤ico] :
|b Dos modelos y una propuesta /
|c Juan A. Přez Lled ̤
|
| 256 |
|
|
|a Servicio en ln̕ea
|
| 260 |
|
|
|a Lima :
|b Editorial Palestra,
|c 2006
|
| 300 |
|
|
|a 1 recurso electrn̤ico
|
| 506 |
1 |
|
|a Contenido solo disponible en los productos indicados
|d vLex Global
|d vLex Global (Academic Edition, excluding Law Schools)
|d vLex Global (U.S. Academic Edition, Law Schools)
|d vLex Global (U.S. Academic Edition, excluding Law Schools)
|d vLex Global (Academic Edition, Law Schools)
|
| 650 |
0 |
4 |
|a Derecho
|x Eseąnza y estudio
|z Per︢
|
| 740 |
0 |
|
|a vLex Libros (Servicio en ln̕ea)
|
| 856 |
4 |
0 |
|u http://vlex.com/source/ense-anza-derecho-6486
|z Acceso restringido
|
| 942 |
|
|
|c BOOK
|
| 999 |
0 |
|
|a Law--Study and teaching
|